ARRUPE JESUIT UNIVERSITY

CORONAVIRUS -STOP THE SPREAD - CLEAN,DISINFECT,COVER
Normal view MARC view

Entry Personal Name

Number of records used in: 1

001 - CONTROL NUMBER

  • control field: 21833

003 - CONTROL NUMBER IDENTIFIER

  • control field: ARRUPE

005 - DATE AND TIME OF LATEST TRANSACTION

  • control field: 20160127111304.0

008 - FIXED-LENGTH DATA ELEMENTS

  • fixed length control field: 160127|| aca||aabn | a|a d

040 ## - CATALOGING SOURCE

  • Original cataloging agency: ARRUPE
  • Transcribing agency: ARRUPE

100 ## - HEADING--PERSONAL NAME

  • Personal name: Oswell, William Cotton,
  • Dates associated with a name: 1818-1893.

670 ## - SOURCE DATA FOUND

  • Source citation: Work cat.: (ARRUPE)0: Oswell, William Edward. 21832, William Cotton Oswell, hunter and explorer :, 1900.

 

Arrupe Library. PO Box MP320 Mt Pleasant, Harare, Zimbabwe
263 242 745411|librarian@aju.ac.zw